000
00294nam a2200109Ia 4500
005
20251222144808.0
008
251222s9999||||xx |||||||||||||| ||spa||
082
_a
278.385/R54P
100
_a
Richter, Federico
245
0
_a
Presencia Franciscana en el PerĂº en los Siglos XVI al XX
942
_c
LIB
999
_c
20005
_d
20005